Preddavky zamestnancovi na zahraničnú pracovnú cestu na príkladoch - metóda na prepočet výdavku v cudzej mene z valutovej pokladnice - kurz určený metódou FIFO
Metóda ocenenia úbytku rovnakej cudzej meny z pokladnice a tým súvisiaci vznik kurzových rozdielov, ako aj účtovanie zodpovedajúcich účtovných prípadov na príkladoch.
Gespeichert in:
| 1. Verfasser: | |
|---|---|
| Format: | Buchkapitel |
| Sprache: | Slowakisch |
| Schlagworte: | |
| Tags: |
Keine Tags, Fügen Sie das erste Tag hinzu!
|
MARC
| LEADER | 00000naa a2200000 4500 | ||
|---|---|---|---|
| 001 | 0152782 | ||
| 005 | 20240502072724.3 | ||
| 041 | 0 | |a slo | |
| 044 | |a SK | ||
| 245 | 1 | 0 | |a Preddavky zamestnancovi na zahraničnú pracovnú cestu na príkladoch - metóda na prepočet výdavku v cudzej mene z valutovej pokladnice - kurz určený metódou FIFO |c Renáta Pakšiová |
| 520 | |a Metóda ocenenia úbytku rovnakej cudzej meny z pokladnice a tým súvisiaci vznik kurzových rozdielov, ako aj účtovanie zodpovedajúcich účtovných prípadov na príkladoch. | ||
| 610 | 2 | 0 | |a preddavky |
| 610 | 2 | 0 | |a zamestnanci |
| 610 | 2 | 0 | |a cesty pracovné |
| 610 | 2 | 0 | |a rozdiely kurzové |
| 610 | 2 | 0 | |a účtovanie |
| 610 | 2 | 0 | |a metódy |
| 100 | 1 | |a Pakšiová, Renáta, 1974- | |